000
00309nam a22001457a 4500
003
SGT
020
_a
978-81-8191-329-6
082
_a
612
_b
M11G
100
_a
GEETHA, N
245
_a
MCQs IN PHYSIOLOGY
260
_a
NEW DELHI
_b
PARAS MEDICAL
_c
2013
300
_a
252
650
_a
PHYSILOGY
942
_2
ddc
_c
BK
999
_c
10072
_d
10072